000 nam a22 7a 4500
999 _c127195
_d127195
008 171108b xxu||||| |||| 00| 0 eng d
050 _aHX288.G7S357 2015
100 _aSchwarzmantel, John
_937444
245 _aThe Routledge guidebook to Gramsci's prison notebooks
_c/ John Schwarmantel
260 _aAbingdon, Oxon
_bRoutledge
_c2016
300 _axiv, 306p. ;
_c20cm
440 _aRoutledge guides to then great books
_937445
600 _aGramsci, Antonio
_d1891-1937
_xQuaderni del carcere
_937446
650 _aPolitical science
_xPhilosophy
_937447
942 _2lcc
_cMONOGRAPH